| 000 | 00568nam a22002170a 4500 | ||
|---|---|---|---|
| 001 | PT41535 | ||
| 003 | AR-LpoUNG | ||
| 005 | 20220829162630.0 | ||
| 007 | aj ||||| | ||
| 040 |
_aAR-LpoUNG _bspa _cAR-LpoUNG _eaacr |
||
| 082 | 0 | _a982.04 275rep | |
| 245 | 0 | 0 | _aLa República Argentina en su consolidación institucional : 1853-1900 |
| 260 |
_aBuenos Aires : _bEdipe, _cs.f.. |
||
| 300 | _a1 mural laminado : col. ; 0,82 x 1,14 cm. | ||
| 650 | 4 | _aARGENTINA | |
| 650 | 4 | _aHISTORIA | |
| 650 | 4 | _aHISTORIA POLITICA | |
| 650 | 4 | _aMAPAS | |
| 905 | _a41535 | ||
| 942 | _cMAPA | ||
| 999 |
_c63551 _d63551 |
||